<?xml version="1.0" encoding="UTF-8"?><?xml-stylesheet type="text/xsl" href="static/style.xsl"?><OAI-PMH xmlns="http://www.openarchives.org/OAI/2.0/" xmlns:xsi="http://www.w3.org/2001/XMLSchema-instance" xsi:schemaLocation="http://www.openarchives.org/OAI/2.0/ http://www.openarchives.org/OAI/2.0/OAI-PMH.xsd"><responseDate>2026-04-13T02:25:04Z</responseDate><request verb="GetRecord" identifier="oai:www.recercat.cat:11351/6125" metadataPrefix="marc">https://recercat.cat/oai/request</request><GetRecord><record><header><identifier>oai:recercat.cat:11351/6125</identifier><datestamp>2025-10-24T10:20:20Z</datestamp><setSpec>com_2072_378070</setSpec><setSpec>com_2072_378040</setSpec><setSpec>col_2072_378092</setSpec></header><metadata><record xmlns="http://www.loc.gov/MARC21/slim" xmlns:dcterms="http://purl.org/dc/terms/" xmlns:xsi="http://www.w3.org/2001/XMLSchema-instance" xmlns:doc="http://www.lyncode.com/xoai" xsi:schemaLocation="http://www.loc.gov/MARC21/slim http://www.loc.gov/standards/marcxml/schema/MARC21slim.xsd">
   <leader>00925njm 22002777a 4500</leader>
   <datafield ind2=" " ind1=" " tag="042">
      <subfield code="a">dc</subfield>
   </datafield>
   <datafield ind2=" " ind1=" " tag="720">
      <subfield code="a">Huijskens, Sophie C.</subfield>
      <subfield code="e">author</subfield>
   </datafield>
   <datafield ind2=" " ind1=" " tag="720">
      <subfield code="a">Kroon, Petra S.</subfield>
      <subfield code="e">author</subfield>
   </datafield>
   <datafield ind2=" " ind1=" " tag="720">
      <subfield code="a">Gaze, Mark N.</subfield>
      <subfield code="e">author</subfield>
   </datafield>
   <datafield ind2=" " ind1=" " tag="720">
      <subfield code="a">Gandola, Lorenza</subfield>
      <subfield code="e">author</subfield>
   </datafield>
   <datafield ind2=" " ind1=" " tag="720">
      <subfield code="a">Bolle, Stephanie</subfield>
      <subfield code="e">author</subfield>
   </datafield>
   <datafield ind2=" " ind1=" " tag="720">
      <subfield code="a">Supiot, Stephane</subfield>
      <subfield code="e">author</subfield>
   </datafield>
   <datafield ind2=" " ind1=" " tag="720">
      <subfield code="a">Giralt López de Sagredo, Jordi</subfield>
      <subfield code="e">author</subfield>
   </datafield>
   <datafield ind2=" " ind1=" " tag="260">
      <subfield code="c">2021-07-06T12:12:40Z</subfield>
   </datafield>
   <datafield ind2=" " ind1=" " tag="260">
      <subfield code="c">2021-07-06T12:12:40Z</subfield>
   </datafield>
   <datafield ind2=" " ind1=" " tag="260">
      <subfield code="c">2021-03-01</subfield>
   </datafield>
   <datafield ind2=" " ind1=" " tag="520">
      <subfield code="a">Metàstasis; Pediatria; Radioteràpia</subfield>
   </datafield>
   <datafield ind2=" " ind1=" " tag="520">
      <subfield code="a">Metástasis; Pediatría; Radioterapia</subfield>
   </datafield>
   <datafield ind2=" " ind1=" " tag="520">
      <subfield code="a">Metastases; Paediatrics; Radiotherapy</subfield>
   </datafield>
   <datafield ind2=" " ind1=" " tag="520">
      <subfield code="a">Purpose/objective&#xd;
About 20% of children with solid tumours (ST) present with distant metastases (DM). Evidence regarding the use of radical radiotherapy of these DM is sparse and open for personal interpretation.&#xd;
The aim of this survey was to review European protocols and to map current practice regarding the irradiation of DM across SIOPE-affiliated countries.&#xd;
Materials/methods&#xd;
Radiotherapy guidelines for metastatic sites (bone, brain, distant lymph nodes, lung and liver) in eight European protocols for rhabdomyosarcoma, non-rhabdomyosarcoma soft-tissue sarcoma, Ewing sarcoma, neuroblastoma and renal tumours were reviewed. SIOPE centres irradiating ≥50 children annually were invited to participate in an online survey.&#xd;
Results&#xd;
Radiotherapy to at least one metastatic site was recommended in all protocols, except for high-risk neuroblastoma. Per protocol, dose prescription varied per site, and information on delineation and treatment planning/delivery was generally missing.&#xd;
Between July and September 2019, 20/27 centres completed the survey. Around 14% of patients were deemed to have DM from ST at diagnosis, of which half were treated with curative intent. A clear cut-off for a maximum number of DM was not used in half of the centres. Regardless of the tumour type and site, conventional radiotherapy regimens were most commonly used to treat DM. When stereotactic radiotherapy was used, a wide range of fractionation regimens were applied.&#xd;
Conclusion&#xd;
Current radiotherapy guidelines for DM do not allow a consistent approach in a multicentre setting. Prospective (randomised) trials are needed to define the role of radical irradiation of DM from paediatric ST.</subfield>
   </datafield>
   <datafield ind2=" " ind1=" " tag="520">
      <subfield code="a">Stichting Kinderen Kankervrij [project no. 343]. KiKa (Children Cancer Free) foundation, grant number 343 and title: Towards optimization of radiotherapy techniques for metastatic lesions in children stage IV disease. The funding source had no role in the study design, collection, analysis and interpretation of data, writing of this manuscript or the decision to submit the article for publication.</subfield>
   </datafield>
   <datafield ind1="8" ind2=" " tag="024">
      <subfield code="a">http://hdl.handle.net/11351/6125</subfield>
   </datafield>
   <datafield tag="653" ind2=" " ind1=" ">
      <subfield code="a">Metàstasi</subfield>
   </datafield>
   <datafield tag="653" ind2=" " ind1=" ">
      <subfield code="a">Càncer - Radioteràpia</subfield>
   </datafield>
   <datafield tag="653" ind2=" " ind1=" ">
      <subfield code="a">Avaluació de resultats (Assistència sanitària)</subfield>
   </datafield>
   <datafield tag="653" ind2=" " ind1=" ">
      <subfield code="a">DISEASES::Neoplasms::Neoplastic Processes::Neoplasm Metastasis</subfield>
   </datafield>
   <datafield tag="653" ind2=" " ind1=" ">
      <subfield code="a">ANALYTICAL, DIAGNOSTIC AND THERAPEUTIC TECHNIQUES, AND EQUIPMENT::Therapeutics::Radiotherapy</subfield>
   </datafield>
   <datafield tag="653" ind2=" " ind1=" ">
      <subfield code="a">PUBLIC HEALTH::Epidemiology and Biostatistics::Epidemiology::Uses of Epidemiology::Evaluation of Results of Therapeutic Interventions</subfield>
   </datafield>
   <datafield tag="653" ind2=" " ind1=" ">
      <subfield code="a">ENFERMEDADES::neoplasias::procesos neoplásicos::metástasis neoplásica</subfield>
   </datafield>
   <datafield tag="653" ind2=" " ind1=" ">
      <subfield code="a">TÉCNICAS Y EQUIPOS ANALÍTICOS, DIAGNÓSTICOS Y TERAPÉUTICOS::terapéutica::radioterapia</subfield>
   </datafield>
   <datafield tag="653" ind2=" " ind1=" ">
      <subfield code="a">SALUD PÚBLICA::epidemiología y bioestadística::epidemiología::usos de la epidemiología::evaluación del resultado de intervenciones terapéuticas</subfield>
   </datafield>
   <datafield ind2="0" ind1="0" tag="245">
      <subfield code="a">Radical radiotherapy for paediatric solid tumour metastases: An overview of current European protocols and outcomes of a SIOPE multicenter survey</subfield>
   </datafield>
</record></metadata></record></GetRecord></OAI-PMH>